000
00320nam a22001337a 4500
008
180822b xxu||||| |||| 00| 0 eng d
020
_a
321181280
041
_a
eng
080
_a
616.8
100
_a
7
101
_a
neu
245
_a
advanced and technical standards in neurosurgery
_c
krayenbuhl
942
_2
udc
_c
BK
999
_c
47253
_d
47253